000 00280 a2200133 4500
001 194908
040 _cMagnum
100 _aMORAL, Silvia
240 1 0 _aHailibu, o caçador
_lpor
245 1 0 _aHailibu, o caçador
300 _a16
697 _aLITERATURA INFANTIL
942 _cBK
999 _c194908
_d194908